000 00672nam a22002177a 4500
003 0
005 20230914082113.0
008 230914b xxu||||| |||| 00| 0 eng d
020 _a978-0-323-79206-6
050 _aRT 89
_b.Y63 2023
100 _aYoder, Patricia S. Wise
245 _aLeading and managing in nursing
_c Patricia S. Yoder-Wise
250 _aEight edition
260 _aMissouri
_bElsevier
_cc2023.
300 _axxv, 542 pages :
_bcol. ill. ;
_c24 cm.
500 _aLeadership.
504 _aIncludes bibliographical references, glossary, and index.
650 _aLeadership
650 _aNursing services--administration.
942 _2lcc
_cBK
999 _c365299
_d365299